00455nam a2200181 a 4500001001300000003000900013005001700022008004100039020000900080082002200089100001600111245003700127260003200164300000800196500003500204650001800239700001600257nice12345678IN_TiNIC20260116011552.0050524s1921 lona grp 000 0 eng  ac1500a305.62970951bAND aAndrew, G F aThe Crescent in North West China aLondon bNo Publisherc1921 a113 aincludes index and biblioraphy aMuslims-China1 aAndrew, G F